| 000 | 00630nam a2200205 a 4500 | ||
|---|---|---|---|
| 005 | 20140310183452.0 | ||
| 008 | 090304s19uu xx 00 eng d | ||
| 020 | _a9780071101165 | ||
| 050 |
_aHF 5679 _b.H865 2008 |
||
| 100 | _aHurt, Robert L. | ||
| 245 |
_aAccounting information systems : _bbasic concepts and current issues / |
||
| 260 |
_aBoston, U.S.A : _bMcGraw-Hill, _c2008. |
||
| 300 |
_a343 p. : _bill. col. ; _c25 cm. |
||
| 521 | _aBSA | ||
| 650 | _aBSBA. | ||
| 650 |
_aAccounting _xData processing. |
||
| 650 |
_aInformation storageand retrieval systems _xAccounting. |
||
| 942 |
_cBK _2lcc _kFOR |
||
| 999 |
_c23454 _d23454 |
||